[Event "DSOL 01 Liga Gr-D 1st"]
[Site "Playchess.com INT"]
[Date "2020.07.24"]
[Round "5.2"]
[White "Stoering, Marc"]
[Black "Felczer, Kevin"]
[Result "0-1"]
[WhiteElo "1917"]
[BlackElo "2128"]
[PlyCount "122"]
[EventDate "2020.06.22"]
[EventType "team-tourn (rapid)"]
[EventCountry "GER"]
[SourceTitle "EXT 2021"]
[Source "ChessBase"]
[SourceDate "2020.10.23"]
[SourceVersion "1"]
[SourceVersionDate "2020.10.23"]
[SourceQuality "1"]
[WhiteTeam "Hemer"]
[BlackTeam "Gruendau"]
[WhiteTeamCountry "GER"]
[BlackTeamCountry "GER"]

1. c4 Nf6 2. Nf3 c5 3. g3 b6 4. Bg2 Bb7 5. 0-0 e6 6. Nc3 Be7 7. d4 cxd4 8. Nxd4 Bxg2 9. Kxg2 a6 10. e4 Qc7 11. Qe2 d6 12. Nc2 Nbd7 13. Ne3 0-0 14. b3 Rfe8 15. Bb2 Bf8 16. Rac1 Qb7 17. Qc2 Rac8 18. Kg1 b5 19. f3 bxc4 20. Nxc4 d5 21. e5 dxc4 22. exf6 Nxf6 23. bxc4 Rxc4 24. Qe2 Rcc8 25. Rfe1 Red8 26. Rcd1 Bc5+ 27. Kg2 Bd4 28. Na4 Bxb2 29. Nxb2 Nd5 30. Rd2 h6 31. Nc4 Nc3 32. Rxd8+ Rxd8 33. Qc2 Qb4 34. Re3 Nd5 35. Rb3 Qc5 36. Qe2 Rc8 37. Nb2 Qc1 38. Nd3 Qc2 39. Rb2 Qxe2+ 40. Rxe2 Rc3 41. Rd2 Ra3 42. Ne5 g5 43. Nc4 Ra4 44. Ne5 Kg7 45. Kh3 h5 46. Rb2 Kf6 47. Nd7+ Kf5 48. Nc5 Ra3 49. Kg2 Nc3 50. h3 a5 51. Nb7 a4 52. Nd6+ Kg6 53. Nc4 Rxa2 54. Rxa2 Nxa2 55. Kf2 Nb4 56. Ke2 f6 57. Kd2 h4 58. gxh4 gxh4 59. Kc3 Nd5+ 60. Kd4 Nf4 61. Nb2 a3 0-1

[Event "Main Vogelsberg op 8th"]
[Site "Hanau"]
[Date "2013.05.30"]
[Round "1"]
[White "Felczer, Kevin"]
[Black "Reichel, Rolf"]
[Result "1-0"]
[WhiteElo "2217"]
[BlackElo "1600"]
[PlyCount "81"]
[EventDate "2013.05.30"]
[EventType "swiss"]
[EventRounds "7"]
[EventCountry "GER"]
[SourceTitle "EXT 2014"]
[Source "ChessBase"]
[SourceDate "2013.11.20"]
[SourceVersion "1"]
[SourceVersionDate "2013.11.20"]
[SourceQuality "1"]

1. e4 c5 2. c3 d5 3. exd5 Qxd5 4. d4 cxd4 5. cxd4 e5 6. dxe5 Qxd1+ 7. Kxd1 Nc6 8. Bb5 Bg4+ 9. f3 0-0-0+ 10. Bd2 Bd7 11. Bxc6 Bxc6 12. Nh3 Bc5 13. Kc2 Nh6 14. Nc3 Nf5 15. Rae1 Rd7 16. Ng5 Rhd8 17. Nge4 Be7 18. Kc1 b5 19. Bf4 b4 20. Ne2 Bd5 21. Kb1 Bxe4+ 22. fxe4 g5 23. exf5 gxf4 24. Nxf4 Rd2 25. Rc1+ Kb7 26. Rc2 R2d4 27. g3 Bg5 28. Rf1 Rd1+ 29. Rxd1 Rxd1+ 30. Rc1 Rd4 31. Re1 Bxf4 32. gxf4 Rxf4 33. e6 fxe6 34. fxe6 Rf8 35. Kc2 Kc6 36. Kb3 a5 37. Ka4 Kc5 38. e7 Re8 39. Re2 Kb6 40. Re5 Kc6 41. Kxa5 1-0

[Event "Hessen-ch 64th"]
[Site "Bad Vilbel"]
[Date "2010.04.02"]
[Round "7"]
[White "Felczer, Kevin"]
[Black "Uwira, Oliver"]
[Result "0-1"]
[WhiteElo "2236"]
[BlackElo "2228"]
[PlyCount "94"]
[EventDate "2010.03.27"]
[EventType "swiss"]
[EventRounds "9"]
[EventCountry "GER"]
[SourceTitle "CBM 135 Extra"]
[Source "ChessBase"]
[SourceDate "2010.05.04"]
[SourceVersion "1"]
[SourceVersionDate "2010.05.04"]
[SourceQuality "1"]

1. e4 c5 2. c3 d5 3. exd5 Qxd5 4. d4 Nc6 5. Nf3 Bg4 6. Be2 cxd4 7. cxd4 e6 8. h3 Bh5 9. Nc3 Qa5 10. d5 exd5 11. Nd4 Bxe2 12. Qxe2+ Be7 13. Nxc6 bxc6 14. 0-0 Nf6 15. Bg5 Kf8 16. Rfe1 Qb4 17. Rac1 h6 18. a3 Qb7 19. Bxf6 Bxf6 20. Na4 g6 21. Nc5 Qc8 22. Nd3 Kg7 23. Nb4 Re8 24. Qd2 Rxe1+ 25. Qxe1 Qe8 26. Qd2 Rc8 27. Rc5 Qe6 28. Qc1 Re8 29. Nxc6 Qe1+ 30. Qxe1 Rxe1+ 31. Kh2 d4 32. Rd5 Rd1 33. Nxa7 d3 34. Nb5 Bxb2 35. a4 d2 36. Kg3 Bc1 37. a5 Re1 38. a6 Re5 39. Rxe5 d1Q 40. a7 g5 41. Kh2 Bf4+ 42. g3 Bxe5 43. a8Q Qe2 44. Qg2 Qxb5 45. f4 Bf6 46. Qe4 Qb2+ 47. Kh1 Bd4 0-1

[Event "Hessen-ch 64th"]
[Site "Bad Vilbel"]
[Date "2010.03.31"]
[Round "5"]
[White "Euler, Gerd"]
[Black "Felczer, Kevin"]
[Result "1-0"]
[WhiteElo "2348"]
[BlackElo "2236"]
[PlyCount "189"]
[EventDate "2010.03.27"]
[EventType "swiss"]
[EventRounds "9"]
[EventCountry "GER"]
[SourceTitle "CBM 135 Extra"]
[Source "ChessBase"]
[SourceDate "2010.05.04"]
[SourceVersion "1"]
[SourceVersionDate "2010.05.04"]
[SourceQuality "1"]

1. d4 e6 2. c4 Nf6 3. Nf3 b6 4. a3 Bb7 5. Nc3 d5 6. cxd5 Nxd5 7. e3 Be7 8. Bb5+ c6 9. Bd3 Nd7 10. 0-0 0-0 11. Qc2 h6 12. e4 Nxc3 13. bxc3 c5 14. Bf4 Qc8 15. Qe2 Re8 16. Rfe1 Bf8 17. h4 c4 18. Bc2 f5 19. exf5 exf5 20. Qxe8 Qxe8 21. Rxe8 Rxe8 22. Bxf5 Nf6 23. Ne5 Bd6 24. Bg6 Re7 25. Nc6 Bxc6 26. Bxd6 Re6 27. Be5 Be4 28. Bxf6 Bxg6 29. Be5 Be4 30. f3 Bd5 31. Kf2 h5 32. Ke3 Kf7 33. Kf4 Kg6 34. Rh1 Re7 35. Rb1 Rf7+ 36. Ke3 Kf5 37. Rb5 Ke6 38. Bf4 Rb7 39. Rb2 Kf5 40. Re2 Re7+ 41. Be5 g6 42. Rb2 Rb7 43. Rb5 Bc6 44. Rb1 Bd5 45. Rg1 Rf7 46. Rh1 Rd7 47. Rh3 Bf7 48. Rg3 Rd5 49. Bb8 a6 50. Bc7 b5 51. Rg5+ Kf6 52. Be5+ Ke7 53. g4 Rd8 54. Bc7 Rd5 55. Kf4 Kf6 56. Ba5 Be6 57. Bb6 Bf7 58. Bc7 Rd7 59. Be5+ Ke6 60. gxh5 gxh5 61. Rf5 Be8 62. Rf6+ Kd5 63. Rxa6 Rf7+ 64. Bf6 Rf8 65. Kg5 Rg8+ 66. Kf5 Rg3 67. Kf4 Rg1 68. Ra8 Bc6 69. Rd8+ Ke6 70. Be5 Ke7 71. Rd6 Be8 72. Rb6 Rd1 73. Ke4 Re1+ 74. Kf4 Rd1 75. Bd6+ Kd7 76. Bb4 Kc7 77. Re6 Bc6 78. Re5 Rd3 79. Rxh5 Rxf3+ 80. Kg4 Rf1 81. d5 Bd7+ 82. Kg3 Rd1 83. Re5 Rd3+ 84. Kf4 Rh3 85. Kg5 Rg3+ 86. Kh6 Bh3 87. h5 Bf1 88. Rg5 Rh3 89. Kg7 Bd3 90. h6 Kd7 91. Bc5 Be4 92. Re5 Bc2 93. Re7+ Kd8 94. d6 Rxc3 95. Bb6+ 1-0

[Event "Hessen-ch 64th"]
[Site "Bad Vilbel"]
[Date "2010.03.29"]
[Round "3"]
[White "Overbeck, Thorsten"]
[Black "Felczer, Kevin"]
[Result "1-0"]
[WhiteElo "2250"]
[BlackElo "2236"]
[PlyCount "135"]
[EventDate "2010.03.27"]
[EventType "swiss"]
[EventRounds "9"]
[EventCountry "GER"]
[SourceTitle "CBM 135 Extra"]
[Source "ChessBase"]
[SourceDate "2010.05.04"]
[SourceVersion "1"]
[SourceVersionDate "2010.05.04"]
[SourceQuality "1"]

1. d4 Nf6 2. c4 e6 3. Nf3 b6 4. g3 Ba6 5. b3 Bb4+ 6. Bd2 Be7 7. Nc3 d5 8. cxd5 exd5 9. Bg2 0-0 10. 0-0 Re8 11. Ne5 c5 12. Be3 Bb7 13. Rc1 Bd6 14. Nd3 Nbd7 15. Nb5 Bf8 16. dxc5 bxc5 17. Bf4 Nh5 18. Bd6 Qb6 19. Bxf8 Kxf8 20. Nc3 Qd6 21. e4 Nhf6 22. exd5 Nb6 23. Nb5 Qd7 24. Nxc5 Qxb5 25. Nxb7 Qa6 26. d6 Rab8 27. Nc5 Qxa2 28. Qd4 Qe2 29. Ra1 Qe5 30. Rfd1 Qxd4 31. Rxd4 Nbd7 32. b4 Rec8 33. Nxd7+ Nxd7 34. h4 Rb6 35. Rxa7 Rd8 36. Rb7 Ra6 37. b5 Ra1+ 38. Kh2 Ra2 39. Kg1 Ra1+ 40. Kh2 Nc5 41. Rc7 Ne6 42. Rd2 Rb1 43. Bc6 g6 44. Ra7 h6 45. f4 h5 46. Kg2 Rb4 47. Rd5 Nd4 48. d7 Rb2+ 49. Kf1 Ne6 50. f5 gxf5 51. Rxf5 Ng7 52. Re5 f6 53. Re2 Rxe2 54. Kxe2 Nf5 55. Kf3 Ke7 56. Kf4 Nd4 57. Ra1 Ne6+ 58. Kf5 Nd4+ 59. Ke4 Ne6 60. Kd5 Nc7+ 61. Kc5 Ne6+ 62. Kd5 Nc7+ 63. Kc4 Rg8 64. Re1+ Kd6 65. Re8 Rg4+ 66. Kc3 Nd5+ 67. Kd2 Rd4+ 68. Ke1 1-0

[Event "Hessen-ch 64th"]
[Site "Bad Vilbel"]
[Date "2010.03.27"]
[Round "1"]
[White "Klundt, Klaus"]
[Black "Felczer, Kevin"]
[Result "1/2-1/2"]
[WhiteElo "2340"]
[BlackElo "2236"]
[PlyCount "124"]
[EventDate "2010.03.27"]
[EventType "swiss"]
[EventRounds "9"]
[EventCountry "GER"]
[SourceTitle "CBM 135 Extra"]
[Source "ChessBase"]
[SourceDate "2010.05.04"]
[SourceVersion "1"]
[SourceVersionDate "2010.05.04"]
[SourceQuality "1"]

1. e4 c5 2. Nf3 e6 3. d4 cxd4 4. Nxd4 Nc6 5. Nc3 Qc7 6. Be3 a6 7. Bd3 Nf6 8. 0-0 Nxd4 9. Bxd4 Bc5 10. Bxc5 Qxc5 11. Kh1 d6 12. f4 e5 13. Qf3 Be6 14. Rae1 0-0 15. f5 Bd7 16. g4 Bc6 17. g5 Nd7 18. Qh5 f6 19. Rg1 fxg5 20. Rxg5 Rae8 21. Reg1 Re7 22. Qe2 b5 23. a4 Nf6 24. axb5 axb5 25. Bxb5 Bxb5 26. Nxb5 Nxe4 27. Qxe4 Qxb5 28. c4 Qc5 29. Qg2 Qa7 30. Qd5+ Kh8 31. Qxd6 Qa8+ 32. Qd5 Qxd5+ 33. cxd5 h6 34. Rh5 Rd7 35. f6 Rxf6 36. Rxe5 Rfd6 37. Rd1 Rb7 38. Re6 Rdd7 39. Rd2 Kg8 40. Kg2 Kf7 41. Rc6 Rb5 42. d6 Ke6 43. Rc3 Rxd6 44. Re3+ Kd7 45. Rxd6+ Kxd6 46. b3 Kd5 47. Kf3 Rb4 48. Ke2 Rh4 49. h3 Kc5 50. Kd3 g5 51. Kc3 g4 52. b4+ Kc6 53. hxg4 Rxg4 54. Re6+ Kb5 55. Re5+ Kb6 56. Rh5 Rg6 57. Kc4 Rf6 58. Kb3 Rg6 59. Ka4 Rf6 60. Rb5+ Ka6 61. Rb8 Ka7 62. Rh8 Kb6 1/2-1/2

[Event "Hessen-ch 62nd"]
[Site "Hanau"]
[Date "2008.03.22"]
[Round "8"]
[White "Schlamp, Robert"]
[Black "Felczer, Kevin"]
[Result "0-1"]
[WhiteElo "2333"]
[BlackElo "2240"]
[PlyCount "145"]
[EventDate "2008.03.15"]
[EventType "swiss"]
[EventRounds "9"]
[EventCountry "GER"]
[SourceTitle "CBM 123 Extra"]
[Source "ChessBase"]
[SourceDate "2008.05.06"]
[SourceVersion "1"]
[SourceVersionDate "2008.05.06"]
[SourceQuality "1"]

1. c4 e5 2. e3 Nf6 3. a3 c6 4. d4 exd4 5. exd4 d5 6. Nf3 Be6 7. Nbd2 Be7 8. Bd3 0-0 9. 0-0 Nbd7 10. c5 b6 11. cxb6 axb6 12. Qc2 c5 13. Ng5 h6 14. Nxe6 fxe6 15. Nf3 Bd6 16. Qe2 Re8 17. Bg6 Re7 18. Ne5 Bxe5 19. dxe5 Nh7 20. f4 Nhf8 21. Bc2 Qe8 22. Bd2 Rc8 23. Rf3 c4 24. Bb4 Nc5 25. Rd1 Nfd7 26. Rg3 Rf7 27. Bg6 Nd3 28. Rf1 N7c5 29. Bxc5 Rxc5 30. Qe3 Rc6 31. Qd4 Qd7 32. Bxf7+ Qxf7 33. b4 b5 34. f5 exf5 35. e6 Rxe6 36. Qxd5 Re5 37. Qd4 Re7 38. h3 f4 39. Rxd3 cxd3 40. Rxf4 Rd7 41. Rxf7 Rxd4 42. Rf1 Rc4 43. Kf2 Rc2+ 44. Kf3 Ra2 45. Rd1 Rxa3 46. Ke3 Rb3 47. Rxd3 Rxb4 48. Rd8+ Kf7 49. Rb8 h5 50. Rb6 h4 51. Kf3 g6 52. Kf2 Rb3 53. Kf1 Kg7 54. Kg1 Kh6 55. Kh2 Kg5 56. Rb8 b4 57. Rb7 Kf4 58. Rb6 Kf5 59. Rb5+ Ke4 60. Rb6 g5 61. Rb5 Kf4 62. Rb8 Ke4 63. Rb5 Kd3 64. Rxg5 Rc3 65. Rf5 b3 66. Rf3+ Kd2 67. Rf2+ Kc1 68. Kg1 Rd3 69. Rf4 b2 70. Rb4 Rd2 71. Rb7 Kd1 72. Kf1 Kc1 73. Ke1 0-1

[Event "Muensterland op 25th"]
[Site "Senden"]
[Date "2007.10.06"]
[Round "9"]
[White "Langers, Alexander"]
[Black "Felczer, Kevin"]
[Result "1-0"]
[WhiteElo "2160"]
[BlackElo "2242"]
[PlyCount "125"]
[EventDate "2007.09.29"]
[EventType "swiss"]
[EventRounds "9"]
[EventCountry "GER"]
[SourceTitle "EXT 2008"]
[Source "ChessBase"]
[SourceDate "2007.11.25"]
[SourceVersion "1"]
[SourceVersionDate "2007.11.25"]
[SourceQuality "1"]

1. e4 e6 2. d4 d5 3. Nc3 Bb4 4. e5 Qd7 5. f4 b6 6. Nf3 Ba6 7. Bxa6 Nxa6 8. Qd3 Nb8 9. 0-0 Bxc3 10. bxc3 Nc6 11. a4 Na5 12. f5 exf5 13. Bg5 Nc4 14. Nh4 h6 15. Nxf5 hxg5 16. Nxg7+ Kd8 17. e6 Qd6 18. exf7 Qxh2+ 19. Kf2 Ne7 20. Ne6+ Kd7 21. Rh1 Kxe6 22. Rxh2 Rxh2 23. Re1+ Kxf7 24. Qf3+ Kg8 25. Kg1 Rf8 26. Qg3 Rh7 27. Rxe7 Rxe7 28. Qxg5+ Kf7 29. Qxd5+ Ke8 30. Qxc4 a5 31. Qd5 Rd7 32. Qa8+ Ke7 33. Qe4+ Kd8 34. c4 Rdf7 35. Qd5+ Kc8 36. c5 bxc5 37. dxc5 Rf5 38. Qe6+ Kb7 39. g4 Rxc5 40. Qe7 Rc4 41. Qxf8 Rxg4+ 42. Kf2 Rxa4 43. Qc5 c6 44. Ke2 Kc7 45. Kd2 Kb7 46. Kc3 Ra1 47. Qe7+ Kb6 48. Qe3+ Kb7 49. Kb2 Rh1 50. Qe5 Ka6 51. Qc5 Rh6 52. Ka3 Rg6 53. Ka4 Rh6 54. Qxa5+ Kb7 55. Qb4+ Ka6 56. Qc4+ Kb7 57. Qf7+ Kb6 58. c4 Rh1 59. Qf5 Rd1 60. Kb4 Rd2 61. Qa5+ Kb7 62. Kc5 Rb2 63. Qd8 1-0

[Event "Mainz Ordix op 14th"]
[Site "Mainz"]
[Date "2007.08.18"]
[Round "2"]
[White "Akopian, Vladimir Eduardovic"]
[Black "Felczer, Kevin"]
[Result "1-0"]
[WhiteElo "2708"]
[BlackElo "2242"]
[PlyCount "85"]
[EventDate "2007.08.18"]
[EventType "swiss (rapid)"]
[EventRounds "11"]
[EventCountry "GER"]
[SourceTitle "CBM 119 Extra"]
[Source "ChessBase"]
[SourceDate "2007.09.04"]
[SourceVersion "1"]
[SourceVersionDate "2007.09.04"]
[SourceQuality "1"]

1. e4 c5 2. Nf3 d6 3. c3 Nf6 4. Be2 g6 5. 0-0 Bg7 6. Re1 0-0 7. Bf1 Nc6 8. h3 b6 9. d4 cxd4 10. cxd4 d5 11. e5 Ne4 12. Nc3 Nxc3 13. bxc3 Na5 14. Qd2 Nc4 15. Qg5 f6 16. Qg3 fxe5 17. Bxc4 dxc4 18. Nxe5 Qd5 19. h4 Rf5 20. Ng4 Rf7 21. Nh6+ Bxh6 22. Bxh6 Qh5 23. Bg5 Qg4 24. Qxg4 Bxg4 25. f3 Bd7 26. Bxe7 Re8 27. Bd6 Re6 28. Rxe6 Bxe6 29. Re1 Bd7 30. Kf2 Kg7 31. d5 h5 32. Ke3 Kf6 33. Kd4 b5 34. Be5+ Kf5 35. Bc7 g5 36. Re5+ Kf6 37. Rxg5 Rh7 38. Be5+ Kf7 39. f4 Bg4 40. f5 Ke7 41. Kc5 a6 42. Kc6 Rf7 43. d6+ 1-0

[Event "Main Vogelsberg op 2nd"]
[Site "Grossauheim"]
[Date "2007.06.10"]
[Round "6"]
[White "Felczer, Kevin"]
[Black "Seifert, Christopher"]
[Result "1-0"]
[WhiteElo "2152"]
[BlackElo "1963"]
[PlyCount "51"]
[EventDate "2007.06.07"]
[EventType "swiss"]
[EventRounds "7"]
[EventCountry "GER"]
[SourceTitle "EXT 2008"]
[Source "ChessBase"]
[SourceDate "2007.11.25"]
[SourceVersion "1"]
[SourceVersionDate "2007.11.25"]
[SourceQuality "1"]

1. e4 c5 2. c3 Nf6 3. e5 Nd5 4. d4 cxd4 5. Nf3 e6 6. cxd4 d6 7. Bc4 Nc6 8. 0-0 dxe5 9. dxe5 Be7 10. Bxd5 exd5 11. Nc3 Be6 12. Bf4 g5 13. Be3 g4 14. Nd4 h5 15. Nxc6 bxc6 16. Na4 Qa5 17. Rc1 Rc8 18. Bc5 Rg8 19. Bxe7 Kxe7 20. Qd4 Rg5 21. Nc5 Qb6 22. Rfe1 Rf5 23. Re3 Rb8 24. Rb3 Qd8 25. Nxe6 fxe6 26. Qxa7+ 1-0

[Event "Main Vogelsberg op 2nd"]
[Site "Grossauheim"]
[Date "2007.06.07"]
[Round "1"]
[White "Movchevitch, Vladimir"]
[Black "Felczer, Kevin"]
[Result "0-1"]
[WhiteElo "1623"]
[BlackElo "2152"]
[PlyCount "84"]
[EventDate "2007.06.07"]
[EventType "swiss"]
[EventRounds "7"]
[EventCountry "GER"]
[SourceTitle "EXT 2008"]
[Source "ChessBase"]
[SourceDate "2007.11.25"]
[SourceVersion "1"]
[SourceVersionDate "2007.11.25"]
[SourceQuality "1"]

1. d4 Nf6 2. c4 e6 3. Nf3 b6 4. Bg5 Bb7 5. e3 h6 6. Bxf6 Qxf6 7. Be2 Bb4+ 8. Nbd2 0-0 9. 0-0 Bxd2 10. Nxd2 d5 11. Bf3 Nd7 12. Qa4 Rfd8 13. Rac1 c5 14. cxd5 exd5 15. b4 Bc6 16. b5 Bb7 17. Qb3 cxd4 18. Rc7 Nc5 19. Qb4 Qd6 20. Rxb7 Nxb7 21. Qxd4 Rac8 22. Rd1 Rc2 23. Qa4 Rc7 24. Qh4 Qe7 25. Qd4 Nc5 26. Bxd5 Rcd7 27. e4 Nxe4 28. Nxe4 Rxd5 29. Qxd5 Rxd5 30. Rxd5 Qxe4 31. Rd8+ Kh7 32. g3 Qb1+ 33. Kg2 Qxb5 34. Rd2 Qc6+ 35. f3 b5 36. Kf2 a5 37. f4 b4 38. Ke2 a4 39. Kd1 b3 40. axb3 axb3 41. Ke2 Qc4+ 42. Ke1 b2 0-1

[Event "Main Vogelsberg op 1st"]
[Site "Hanau"]
[Date "2006.05.01"]
[Round "6.3"]
[White "Felczer, Kevin"]
[Black "Baumgartl, Guenther"]
[Result "0-1"]
[WhiteElo "2250"]
[BlackElo "2041"]
[PlyCount "64"]
[EventDate "2006.04.28"]
[EventType "swiss"]
[EventRounds "7"]
[EventCountry "GER"]
[SourceTitle "EXT 2022"]
[Source "ChessBase"]
[SourceDate "2021.10.06"]
[SourceVersion "1"]
[SourceVersionDate "2021.10.06"]
[SourceQuality "1"]

1. e4 d5 2. exd5 Qxd5 3. Nc3 Qa5 4. d4 c6 5. Nf3 Nf6 6. Bc4 Bg4 7. h3 Qh5 8. Be2 e6 9. Bf4 Bb4 10. 0-0 Bxf3 11. Bxf3 Qf5 12. Bg3 0-0 13. Qe2 Rd8 14. Ne4 Be7 15. Rfd1 Na6 16. c3 Rac8 17. Be5 Nxe4 18. Bxe4 Qg5 19. Rd3 Bf6 20. Rg3 Qh6 21. Bxf6 Qxf6 22. Qh5 g6 23. Qa5 Rd7 24. Re1 Qd8 25. Qe5 c5 26. h4 cxd4 27. cxd4 Rxd4 28. Bxb7 Rc5 29. Qe3 Nb4 30. Be4 Re5 31. Qf4 Qd6 32. Rge3 Nd5 0-1

[Event "Muensterland op 23rd"]
[Site "Senden"]
[Date "2005.10.03"]
[Round "4"]
[White "Meyer, Ulrich"]
[Black "Felczer, Kevin"]
[Result "1/2-1/2"]
[WhiteElo "2190"]
[BlackElo "2248"]
[PlyCount "108"]
[EventDate "2005.10.02"]
[EventType "swiss"]
[EventRounds "9"]
[EventCountry "GER"]
[SourceTitle "CBM 108 Extra"]
[Source "ChessBase"]
[SourceDate "2005.11.04"]
[SourceVersion "1"]
[SourceVersionDate "2005.11.04"]
[SourceQuality "1"]

1. e4 d5 2. exd5 Qxd5 3. Nc3 Qa5 4. Bc4 c6 5. d3 Bf5 6. Bd2 e6 7. Qe2 Nf6 8. h3 Bb4 9. Nf3 Nbd7 10. 0-0 0-0 11. a3 Bxc3 12. Bxc3 Qd8 13. Rfe1 Nd5 14. Bd2 Qf6 15. c3 h6 16. Ba2 Bg6 17. d4 Nf4 18. Bxf4 Qxf4 19. Ne5 Nxe5 20. Qxe5 Qxe5 21. Rxe5 Rfd8 22. g4 Kf8 23. f4 Rac8 24. Rae1 Rc7 25. h4 h5 26. f5 exf5 27. gxf5 f6 28. fxg6 fxe5 29. Rxe5 Rd6 30. Bf7 Re7 31. Rxh5 Re1+ 32. Kf2 Rb1 33. b3 Rc1 34. Re5 Rf6+ 35. Ke2 Rxf7 36. gxf7 Rxc3 37. Re3 Rc2+ 38. Kd3 Ra2 39. a4 Kxf7 40. Kc4 Rc2+ 41. Kd3 Rf2 42. Re5 Rh2 43. h5 Rh4 44. b4 Kf6 45. b5 cxb5 46. Rxb5 b6 47. a5 bxa5 48. Rxa5 Rh1 49. Ra6+ Kf5 50. Rxa7 Rxh5 51. Rxg7 Ke6 52. Kc4 Kd6 53. Rg6+ Kd7 54. d5 Rh1 1/2-1/2

[Event "Muensterland op 23rd"]
[Site "Senden"]
[Date "2005.10.02"]
[Round "1"]
[White "Huettemann, Ralf"]
[Black "Felczer, Kevin"]
[Result "0-1"]
[WhiteElo "1947"]
[BlackElo "2248"]
[PlyCount "48"]
[EventDate "2005.10.02"]
[EventType "swiss"]
[EventRounds "9"]
[EventCountry "GER"]
[SourceTitle "CBM 108 Extra"]
[Source "ChessBase"]
[SourceDate "2005.11.04"]
[SourceVersion "1"]
[SourceVersionDate "2005.11.04"]
[SourceQuality "1"]

1. e4 d5 2. d4 e6 3. Nd2 dxe4 4. Nxe4 Bd7 5. Nf3 Bc6 6. Ng3 Nd7 7. Bd3 Ngf6 8. 0-0 Bxf3 9. Qxf3 c6 10. b3 Qc7 11. c4 Bd6 12. Bb2 h5 13. Rfe1 0-0-0 14. a3 g5 15. b4 g4 16. Qd1 h4 17. Nf1 Rdg8 18. Qa4 Kb8 19. d5 Bxh2+ 20. Nxh2 g3 21. Nf1 gxf2+ 22. Kxf2 Qf4+ 23. Kg1 Rxg2+ 24. Kh1 Rg1+ 0-1

[Event "Hessen-ch MT"]
[Site "Offenbach"]
[Date "2005.03.29"]
[Round "3"]
[White "Felczer, Kevin"]
[Black "Stockmann, Michael"]
[Result "1/2-1/2"]
[WhiteElo "2257"]
[BlackElo "2238"]
[PlyCount "20"]
[EventDate "2005.03.28"]
[EventType "swiss"]
[EventRounds "9"]
[EventCountry "GER"]
[SourceTitle "EXT 2006"]
[Source "ChessBase"]
[SourceDate "2005.11.24"]
[SourceVersion "1"]
[SourceVersionDate "2005.11.24"]
[SourceQuality "1"]

1. e4 c6 2. d4 d5 3. Nc3 dxe4 4. Nxe4 Nf6 5. Nxf6+ gxf6 6. c3 Bf5 7. Be2 Qc7 8. Bg4 Bxg4 9. Qxg4 Nd7 10. Bf4 Qa5 1/2-1/2